000 00910nam a2200265Ia 4500
003 OSt
005 20221005113350.0
006 a|||||r|||| 00| 0
007 ta
008 221004b |||||||| |||| 00| 0 pan d
020 _cINR 200.00
024 _a39023
037 _b234, 17/03/2018, National Book Shop
_cTextual
040 _aCRL
_cCRL
_bpan
041 _2pan
_apan
082 _aO153,2NBH,BI, Q7
100 _aਬ॥Fਿੰਦਰ, ਂਚ.
_9169220
245 0 _aਬਾਬਾ ਇਨਕਲਾਬ ਸਿੰਘ
260 _aਬਰਨਾਲਾ
_bਤਰਕਭਾਰਤੀ ਪ੍ਰਕਾFਨ ਭਾਰਤ
_c2017
300 _a176ਪ0
_ccm.
650 _a ਪੰਜਾਬੀ ਨਾਟਕ
650 _aਪੰਜਾਬੀ ਸਾਹਿਤ
942 _hO153,2NBH,BI, Q7
_cTEXL
_2cc
999 _c1027925
_d1027925